00848nam a2200217 a 450000100100000000500170001000800410002702000150006804000250008310000290010824501190013726000750025630000200033149000190035150000370037050000470040770000280045483000260048295201050050899900170061300004296520201002040532.0140213s1997 xxu 000 0 spa d a9977060096 aDO-SdBNPbspacBNPHU1 aChinchilla, Laura92967813aLa prevención comunitaria del delito :bperspectivas para América Latina /cLaura Chinchilla, José Ma. Rico. aMiami, Florida, :bCentro para la Administración de Justicia,c1997. a72 p. ;c21 cm.1 aMonografiasv6 aIncluye notas a pie de páginas aIncluye datos biografícos de los autores1 aRico, José Ma.970460 0aMonografiasv6915334 001050718MOaGRbGRcCTd2014-02-13iLF1l0o p42965-10r2020-06-25w2020-06-25y1ZNo se presta c42454d42454